El crecimiento de las plantas /

Guardado en:
Autor Principal: Fogg, G. E. 1919-
Formato: Libro
Idioma:Spanish
Publicado: Buenos Aires : EUDEBA, 1973.
Edición:2a ed.
Series:Manuales / Botánica
Etiquetas: Agregar Etiqueta
Sin Etiquetas, Sea el primero en etiquetar este registro!
LEADER 00494nam a22001575a 4500
001 EEA.libagro010539
005 20181011090329.0
008 151026s1973####ag#a##########000#0#spa#d
082 0 4 |a 581.3 
100 1 |a Fogg, G. E.  |q (Gordon Elliott),  |d 1919- 
245 1 0 |a El crecimiento de las plantas /  |c G.E. Fogg. 
250 |a 2a ed. 
260 |a Buenos Aires :  |b EUDEBA,  |c 1973. 
300 |a xv, 327 p. :  |b il. ;  |c 18 cm. 
490 1 |a Manuales / Botánica 
859 |a AR-BbBCA  |b BIB. AGRONOMIA  |h 581.3  |i F655-1a2  |p 2015/6602